General Knowledge #3 - Statistics

General Stats
  • This quiz has been taken 21 times
  • The average score is 4 of 11
Answer Stats
Question Answer % Correct
A popular syndrome, Stockholm Syndrome, traces its origins back in 1974 when a group of terrorists kidnapped this 19 year old American media heiress. D. Patty Hearst
83%
This person is the founder of e-commerce giant Walmart, the world's largest corporation by revenue and the biggest private employer in the world. A. Sam Walton
67%
Danuri, a lunar mission, launched in 2022 by this country A. Japan
50%
This syndrome is the opposite of Stockholm syndrome where captors sympathize with the hostages. A. Lima
50%
The Cambridge Dictionary Word of the Year 2024 is C. Manifest
33%
World's first 3D- printed temple was unveiled in this country D. India
33%
Find the smallest positive integer, n 2n = perfect square 3n = perfect cube 72
17%
Goldilocks Zone also referred as habitable zone related to A. Star
17%
Israel and Lebanon have accepted a US-backed proposal to end the 13-month border conflict that spiraled into an all-out Israel Defense Forces (IDF) withdrawal to which line B. Blue Line
17%
The X-Press Pearl disaster was a marine ecological disaster that occurred in May 2021 when a container ship caught fire and sank off the coast of this country B. Srilanka
17%
Baalbek, Tyre and Anjar UNESCO Cultural Heritage sites are being endangered by recurrent assaults belong to C. Lebanon
17%
No matching quizzes found
Score Distribution
Percent of People with Each Score
Percentile by Number Answered
Your Score History
You have not taken this quiz